000
00312nam a22001217a 4500
999
_c
5075
_d
5075
008
250520b ||||| |||| 00| 0 eng d
020
_a
9781682970270
082
_a
530 PAR
100
_a
PARKER,STEVE
_e
AUTHOR
245
_a
FIZZING PHYSICS
260
_a
6 ORCHARD,LAKE FOREST,CA 92630
_b
QEB PUBLISHING
942
_2
ddc